000 00649nam a2200277Ia 4500
005 20260324124123.0
008 008 260324s9999 xx 000 0 eng d
020 _a9781315134802
037 _aEBOOK
040 _aCRL
040 _beng
040 _cCRL
041 _2eng
041 _aeng
084 _qCRL
100 _aJohn Neville Keynes
_91172921
245 4 _aThe Scope and Method of Political Economy
260 _bTaylor and Francis
260 _c2011
365 _a
365 _b230
856 _uhttp://www.taylorfrancis.com/books/9781315134802
942 _cEBOOK
999 _c1767054
_d1767054